| 000 | 00560nam a22002057a 4500 | ||
|---|---|---|---|
| 003 | BCEG | ||
| 005 | 20260407120705.0 | ||
| 008 | 260407s2025 mx |||||||||||||||f|spa d | ||
| 020 | _a9786073865784 | ||
| 040 |
_aBCEG _bspa _cBCEG |
||
| 082 | 0 | 4 |
_aM863.4 _bC564h |
| 100 | 1 |
_aChávez Castañeda, Ricardo, _d1961-. |
|
| 245 | 1 | 2 | _aY habrá una vez en Romala. |
| 260 |
_aCiudad de México : _bAlfaguara : Penguin Random House, _c2025. |
||
| 300 | _a329 p. | ||
| 490 | _aNarrativa Hispánica. | ||
| 541 | _aCompra. | ||
| 650 | 1 | 4 | _aNovela mexicana. |
| 942 | _cBK | ||
| 999 |
_c437157 _d437157 |
||